01715cam a2200421 a 45000010008000000030004000080050017000120060019000290070015000480080041000630150019001040160018001230200043001410350026001840380012002100400074002220500023002960820020003191000036003392100049003752450101004242600037005254900031005625040051005935060043006445630014006876500018007016500053007197000028007727000023008007730015008237730033008387730033008718300050009048560119009548560101010738560119011748682348OSt20211101111251.0m d cr n 090408s2010 fluab sb 001 0 eng d aGBA9451292bnb7 a0151755102Uk a9781420075663 (hardcover : alk. paper) a(WaSeSS)ssj0000248281 akhadija aDLCcDLCdBTCTAdBAKERdYDXCPdUKMdC#PdOCLCAdBWXdCDXdDLCdWaSeSS 4aTJ810b.S4897 201000a621.47222bFOS1 aFoster, Robert,d1962 April 25-10aSolar energy:Renewable Energy & Environment 10aSolar energy:brenewable energy and the environment /cRobert Foster, Majid Ghassemi, Alma Cota. aBoca Raton :bCRC Press,cc2010.1 aEnergy and the environment aIncludes bibliographical references and index. aLicense restrictions may limit access. aHardcover 0aSolar energy. 0aRenewable energy sourcesxEnvironmental aspects.1 aGhassemi, Majid,d1960-1 aCota, Alma,d1972- 0tENGnetBASE 0tELECTRICALENGINEERINGnetBASE 0tMECHANICALENGINEERINGnetBASE 0aEnergy and the environment (Boca Raton, Fla.)40uhttp://www.columbia.edu/cgi-bin/cul/resolve?clio8682348.001zFull text available from ELECTRICALENGINEERINGnetBASE40uhttp://www.columbia.edu/cgi-bin/cul/resolve?clio8682348.002zFull text available from ENGnetBASE40uhttp://www.columbia.edu/cgi-bin/cul/resolve?clio8682348.003zFull text available from MECHANICALENGINEERINGnetBASE